• 首页
  • 本馆介绍
  • 公告通知
  • 最新文献
  • 馆藏检索
  • 电子资源
  • 读者荐购
  • 参考咨询
  • CALIS
  • 我的图书馆
  • 登录
  • 详细信息显示
  • 放入我的书架
  • 预约/预借图书
  • 作者相关作品
  • 分类相关作品
  • 丛书相关作品
  • 出版社相关作品

书目信息

  • 表格格式
  • 工作单格式
  • 卡片格式
题名:
朱子理学美学
    
 
作者: 潘立勇 著
分册:  
出版信息: 北京   东方出版社  1999.12
页数: 593页
开本: 32开
丛书名:
单 册:
中图分类: B83
科图分类:
主题词: 美学
电子资源:
ISBN: 7-5060-1311-8
 
 
 
 
 
000 00519nam0 2200193 45
001 1009060458
005 20100906040305.3
010    @a7-5060-1311-8@d32.60元
100    @a20100906d1999 km y0chiy0120 ea
101 0  @achi
105    @a z 000yy
200 1  @a朱子理学美学@AZhu Zi Li Xue Mei Xue@f潘立勇著@FPan Li Yong Zhu
210    @a北京@c东方出版社@d1999.12
215    @a593页@d32开
606 0  @a美学
690    @aB83@v3
701  0 @a潘立勇@4著
801    @aCN@bPftUser@c20100906
905    @b128438-442@dB83@eD917@f5
    
    朱子理学美学/潘立勇著.-北京:东方出版社,1999.12
    593页;32开
    
    
    ISBN 7-5060-1311-8:32.60元
    
●
相关链接 在E读中查询图书 在当当中查询图书 在豆瓣中查询图书


正题名:朱子理学美学     索取号:B83/D917         预约/预借

序号 登录号 条形码 馆藏地/架位号 状态 备注
1 128438   201284387   社科库509/509社科库 32排3列4层/ [索取号:B83/D917] 在馆    
2 128439   201284396   社科库509/509社科库 32排3列4层/ [索取号:B83/D917] 在馆    
3 128440   201284403   社科库509/509社科库 32排3列4层/ [索取号:B83/D917] 在馆    
4 128441   201284412   社科库509/509社科库 32排3列4层/ [索取号:B83/D917] 在馆    
5 128442   201284421   社科库509/509社科库 32排3列4层/ [索取号:B83/D917] 在馆    
河南城建学院图书馆 欢迎您!
大连网信软件有限公司© 版权所有